000 00467cam a2200145 4500500
005 20251012032423.0
041 _afre
042 _adc
100 1 0 _aBaron, Anne-Marie
_eauthor
245 0 0 _aLa passagère une grande fiction historique sur la Shoah
260 _c2023.
500 _a66
786 0 _nRevue Sens | 449 | 4 | 2023-07-01 | p. 414-415 | 0337-6222
856 4 1 _uhttps://shs.cairn.info/revue-revue-sens-2023-4-page-414?lang=fr&redirect-ssocas=7080
999 _c1547201
_d1547201